Normal view
MARC view
Entry Personal Name
001 - CONTROL NUMBER
- control field: 1223147
003 - CONTROL NUMBER IDENTIFIER
- control field: OSt
005 - DATE AND TIME OF LATEST TRANSACTION
- control field: 20260324145505.0
008 - FIXED-LENGTH DATA ELEMENTS
- fixed length control field: 260324|| aca||aabn | a|a d
040 ## - CATALOGING SOURCE
- Original cataloging agency: OSt
- Transcribing agency: OSt
100 ## - HEADING--PERSONAL NAME
- Personal name: David Robbins; Graham Day; Lesley Caldwell; Karen Jones; Hilary Rose
670 ## - SOURCE DATA FOUND
- Source citation: Work cat.: (OSt)1831127: David Robbins; Graham Day; Lesley Caldwell; Karen Jones; Hilary Rose, Rethinking Social Inequality
